States that don't have the letter "I" - Statistics

General Stats
  • This quiz has been taken 32 times
    22 since last reset
  • The average score is 21 of 22
Answer Stats
Answer % Correct
Alabama
100%
Montana
100%
New York
100%
North Dakota
100%
Oregon
100%
South Dakota
100%
Tennessee
100%
Alaska
94%
Arkansas
94%
Delaware
94%
Kansas
94%
Kentucky
94%
Nebraska
94%
New Jersey
94%
Utah
94%
Vermont
94%
Colorado
89%
Maryland
89%
Massachusetts
83%
Nevada
83%
Texas
83%
Oklahoma
78%
No matching quizzes found
Score Distribution
Percent of People with Each Score
Percentile by Number Answered
Your Score History
You have not taken this quiz since the last reset